| Tag |
First Indicator |
Second Indicator |
Subfields |
| LEADER |
00000cgm a2200000Ia 4500 |
| 001 |
in00002784961 |
| 005 |
20150922151702.0 |
| 007 |
vd cvaizq |
| 008 |
120830s2012 cau077 vleng d |
| 035 |
|
|
|a (OCoLC)ocn817740119
|
| 035 |
|
|
|a (OCoLC)817740119
|
| 040 |
|
|
|a VTU
|c VTU
|d TXA
|d UtOrBLW
|
| 041 |
|
|
|a eng
|j eng
|j spa
|
| 049 |
|
|
|a TXAM
|
| 050 |
|
4 |
|a E185.98.B73
|b A56 2012
|
| 092 |
|
|
|a 920
|
| 245 |
0 |
0 |
|a Anne Braden :
|b southern patriot /
|c Appalshop Films ; produced and directed by Anne Lewis & Mimi Pickering.
|
| 246 |
3 |
0 |
|a Southern patriot
|
| 264 |
|
1 |
|a [San Francisco, Calif.] :
|b California Newsreel,
|c [2012]
|
| 264 |
|
4 |
|c ©2012
|
| 300 |
|
|
|a 1 videodisc (77 min.) :
|b sound, color ;
|c 4 3/4 in.
|
| 336 |
|
|
|a two-dimensional moving image
|b tdi
|2 rdacontent
|
| 337 |
|
|
|a video
|b v
|2 rdamedia
|
| 338 |
|
|
|a videodisc
|b vd
|2 rdacarrier
|
| 538 |
|
|
|a DVD-R; 5.1 surround or 2.0 stereo.
|
| 500 |
|
|
|a Closed captioned for the hearing impaired.
|
| 546 |
|
|
|a In English with optional Spanish subtitles. English captioning for the hearing impaired.
|
| 500 |
|
|
|a Originally produced in 2011.
|
| 508 |
|
|
|a Cinematography, Peter Pearce ... [et al.] ; edited by Anne Lewis & Mimi Pickering ; music by Dirk Powell.
|
| 520 |
|
|
|a Anne Braden: Southern Patriot is a first person documentary about the extraordinary life of this American civil rights leader. Braden was hailed by Dr. Martin Luther King, Jr. in his 1963 letter from Birmingham Jail as a white southerner whose rejection of her segregationist upbringing was "eloquent and prophetic." Ostracized as a "red" in the 1950s, she fought for an inclusive movement community and mentored three generations of social justice advocates. Braden's story explores not only the dangers of racism and political repression but also the power of a woman's life spent in commitment to social justice.
|
| 500 |
|
|
|a Special features include "Wasn't that a time," a 1961 documentary by Michael and Philip Burton and "A letter to white southern women" by Anne Braden, published in 1972.
|
| 500 |
|
|
|a Videorecording.
|
| 600 |
1 |
0 |
|a Braden, Anne,
|d 1924-2006.
|
| 650 |
|
0 |
|a Women civil rights workers
|z United States
|v Biography.
|
| 650 |
|
0 |
|a Civil rights workers
|z United States
|v Biography.
|
| 650 |
|
0 |
|a Women, White
|z Southern States
|v Biography.
|
| 650 |
|
0 |
|a African Americans
|x Segregation.
|
| 651 |
|
0 |
|a Southern States
|x Race relations
|x History
|y 20th century.
|
| 650 |
|
0 |
|a African Americans
|x Civil rights
|z Southern States
|x History
|y 20th century.
|
| 650 |
|
0 |
|a Civil rights movements
|z Southern States
|x History
|y 20th century.
|
| 655 |
|
7 |
|a Nonfiction films.
|2 lcgft
|
| 655 |
|
7 |
|a Documentary films.
|2 lcgft
|
| 655 |
|
7 |
|a Biographical films.
|2 lcgft
|
| 655 |
|
7 |
|a Video recordings for the hearing impaired.
|2 lcgft
|
| 700 |
1 |
|
|a Lewis, Anne,
|d 1948-
|e director,
|e producer,
|e film editor.
|
| 700 |
1 |
|
|a Pickering, Mimi,
|e director,
|e producer,
|e film editor.
|
| 700 |
1 |
|
|a Powell, Dirk,
|e composer.
|
| 710 |
2 |
|
|a Kentucky Arts Council.
|
| 710 |
2 |
|
|a Appalshop Film & Video.
|
| 710 |
2 |
|
|a California Newsreel (Firm)
|
| 856 |
4 |
2 |
|z Film website
|u http://www.annebradenfilm.org/
|t 0
|
| 994 |
|
|
|a C0
|b TXA
|
| 948 |
|
|
|a cataloged
|b h
|c 2012/12/12
|d c
|e blrosas
|f 1:36:34 pm
|
| 999 |
|
|
|a MARS
|
| 999 |
f |
f |
|s 291a91b8-ec87-33bb-a3e1-e12f9bb2aee7
|i f7ef4faa-3097-33d5-aaaa-23f6b2d08b9a
|t 0
|
| 952 |
f |
f |
|p ric
|a Texas A&M University
|b Rellis Campus
|c Joint Library Facility
|d Remote Storage
|t 0
|e E185.98.B73 A56 2012
|h Library of Congress classification
|i video -- videodisc
|m A14841654954
|
| 998 |
f |
f |
|a E185.98.B73 A56 2012
|t 0
|l Remote Storage
|